Fact, value, policy : (Record no. 12787)

000 -LEADER
fixed length control field 00678cam a2200217 a 4500
020 ## - INTERNATIONAL STANDARD BOOK NUMBER
ISBN 0070198721 (alk. paper) :
040 ## - CATALOGING SOURCE
Transcribing agency DLC
082 00 - DEWEY DECIMAL CLASSIFICATION NUMBER
Classification number 808 MCG 1994 A094 Or.
245 00 - TITLE STATEMENT
Title Fact, value, policy :
Remainder of title reading and writing arguments /
260 ## - PUBLICATION, DISTRIBUTION, ETC. (IMPRINT)
Place of publication New York :
Name of publisher McGraw-Hill,
Year of publication c1994.
300 ## - PHYSICAL DESCRIPTION
Number of Pages xix, 534 p. ;
Dimensions 24 cm.
500 ## - GENERAL NOTE
General note Includes index.
650 #0 - SUBJECT ADDED ENTRY--TOPICAL TERM
Topical Term English language
650 #0 - SUBJECT ADDED ENTRY--TOPICAL TERM
Topical Term Persuasion (Rhetoric)
650 #0 - SUBJECT ADDED ENTRY--TOPICAL TERM
Topical Term College readers.
650 #0 - SUBJECT ADDED ENTRY--TOPICAL TERM
Topical Term Report writing.
700 1# - ADDED ENTRY--PERSONAL NAME
Personal name Fairbanks, A. Harris.
856 42 - ELECTRONIC LOCATION AND ACCESS
Uniform Resource Identifier http://www.loc.gov/catdir/description/mh022/93001665.html
856 41 - ELECTRONIC LOCATION AND ACCESS
Uniform Resource Identifier http://www.loc.gov/catdir/toc/mh021/93001665.html
942 ## - ADDED ENTRY ELEMENTS (KOHA)
Koha item type សៀវភៅភាសាអង់គ្លេស
952 ## - LOCATION AND ITEM INFORMATION (KOHA)
Withdrawn status [LOCAL, KOHA] 0
Holdings
Permanent Location Date acquired Koha item type Lost status Shelving location Barcode Current Location Full call number
Library Block A2017-08-17សៀវភៅភាសាអង់គ្លេស A094A17505Library Block A808 MCG 1994 A094 Or.
មជ្ឈមណ្ឌលឯការនៃសាកលវិទ្យាល័យភូមិន្ទកសិកម្មចំការដូង

Powered by Koha